College Football Matchups: Utah - Statistics

General Stats
  • This quiz has been taken 88 times
    22 since last reset
  • The average score is 14 of 16
Answer Stats
Games Opponent Subdivision % Correct
49 Arizona Power 4
100%
36 Arizona State Power 4
100%
97 BYU Power 4
100%
72 Colorado Power 4
100%
37 Oregon Power 4
95%
26 Oregon State Group of 5
95%
114 Utah State Group of 5
95%
84 Wyoming Group of 5
95%
80 Colorado State Group of 5
90%
52 New Mexico Group of 5
90%
23 USC Power 4
90%
27 Air Force Group of 5
85%
28 Idaho FCS
85%
32 San Diego State Group of 5
80%
33 UTEP Group of 5
65%
27 Hawaii Group of 5
50%
No matching quizzes found
Score Distribution
Percent of People with Each Score
Percentile by Number Answered
Your Score History
You have not taken this quiz since the last reset